| 000 | 00547nam a2200193 a 4500 | ||
|---|---|---|---|
| 003 | PILC | ||
| 005 | 20150112093445.0 | ||
| 008 | 100726s19uu xx 00 eng d | ||
| 020 | _a9718210377 | ||
| 050 |
_aQA 76.7 _b.M294 2002 |
||
| 082 |
_aCSFf 005.26 _bM31 2002 |
||
| 100 |
_aManuel, Joel S. _923198 |
||
| 245 |
_aTC. _cJoel S. Manuel |
||
| 250 | _a1st ed. | ||
| 260 |
_aalenzuela City, Philippines : _bMutya Publishing House, _c2002. |
||
| 300 |
_a63 pages : _c22 cm. |
||
| 650 |
_aTurbo C - programming language _923199 |
||
| 942 |
_2lcc _cBK |
||
| 999 |
_c14893 _d14893 |
||